Normal view
MARC view
Entry Personal Name
001 - CONTROL NUMBER
- control field: 13911
003 - CONTROL NUMBER IDENTIFIER
- control field: OSt
005 - DATE AND TIME OF LATEST TRANSACTION
- control field: 20210225104316.0
008 - FIXED-LENGTH DATA ELEMENTS
- fixed length control field: 210225|| aca||aabn | a|a d
040 ## - CATALOGING SOURCE
- Original cataloging agency: OSt
- Transcribing agency: OSt
100 ## - HEADING--PERSONAL NAME
- Personal name: Edited by Rama S. Singh; [et...al]
670 ## - SOURCE DATA FOUND
- Source citation: Work cat.: (OSt)6781: Edited by Rama S. Singh; [et...al], Thinking About Evolution:, 2001.
